000
00362nam a2200169Ia 4500
001
9745
005
20250626030248.0
008
211022s9999 xx 000 0 und d
082
_a
297.4 NUR
100
_a
Nurbakhsh, Javad
245
0
_a
Sufism:
260
_a
New York
260
_b
Khaniqahi-Nimatullahi Pub
260
_c
1981
300
_a
111
942
_c
BK
999
_c
9254
_d
9254